00518nam a2200169Ia 4500003000900000008004100009020001800050040001600068080002200084100001900106245009500125260003300220300001400253650004100267650002200308650001800330IN-BaIIA211028s9999 xx 000 0 eng d a0-08-022047-9 cIIA Library a523.31-423.3bMEL aMelchior, Paul 4aThe tides of the planet earthcPaul Melchior  aOxfordbPergamon Pressc1978 axi, 609p. aAstronomy and astrophysics thesaurus aAtmospheric tides aEarth - tides